<?xml version="1.0" encoding="UTF-8"?>
<record
    xmlns:xsi="http://www.w3.org/2001/XMLSchema-instance"
    xsi:schemaLocation="http://www.loc.gov/MARC21/slim http://www.loc.gov/standards/marcxml/schema/MARC21slim.xsd"
    xmlns="http://www.loc.gov/MARC21/slim">

  <leader>00685nam a2200217Ia 4500</leader>
  <controlfield tag="008">200825s9999||||xx |||||||||||||| ||und||</controlfield>
  <datafield tag="020" ind1=" " ind2=" ">
    <subfield code="a">9577272738</subfield>
  </datafield>
  <datafield tag="020" ind1=" " ind2=" ">
    <subfield code="a">9789577272737</subfield>
  </datafield>
  <datafield tag="041" ind1=" " ind2=" ">
    <subfield code="a">chi</subfield>
  </datafield>
  <datafield tag="050" ind1=" " ind2=" ">
    <subfield code="a">BR1288</subfield>
    <subfield code="b">.L56 2006</subfield>
  </datafield>
  <datafield tag="100" ind1=" " ind2=" ">
    <subfield code="a">&#x674E;&#x91D1;&#x5F37;</subfield>
  </datafield>
  <datafield tag="245" ind1=" " ind2="0">
    <subfield code="a">&#x8056;&#x9053;&#x6771;&#x4F86;: </subfield>
    <subfield code="b">&#x8FD1;&#x4EE3;&#x4E2D;&#x570B;&#x57FA;&#x7763;&#x6559;&#x53F2;&#x4E4B;&#x7814;&#x7A76; /</subfield>
    <subfield code="c">&#x674E;&#x91D1;&#x5F37;</subfield>
  </datafield>
  <datafield tag="246" ind1=" " ind2=" ">
    <subfield code="a">&#x5723;&#x9053;&#x4E1C;&#x6765; :</subfield>
    <subfield code="b">&#x8FD1;&#x4EE3;&#x4E2D;&#x56FD;&#x57FA;&#x7763;&#x6559;&#x53F2;&#x4E4B;&#x7814;&#x7A76;/</subfield>
  </datafield>
  <datafield tag="260" ind1=" " ind2=" ">
    <subfield code="a">&#x53F0;&#x5317; : </subfield>
    <subfield code="b">&#x57FA;&#x7763;&#x6559;&#x5B87;&#x5B99;&#x5149;&#x5168;&#x4EBA;&#x95DC;&#x61F7;&#x6A5F;&#x69CB;,</subfield>
    <subfield code="c">2006</subfield>
  </datafield>
  <datafield tag="300" ind1=" " ind2=" ">
    <subfield code="a">257 p.</subfield>
    <subfield code="b">;</subfield>
    <subfield code="c">21 cm.</subfield>
  </datafield>
  <datafield tag="490" ind1=" " ind2=" ">
    <subfield code="a">&#x99AC;&#x79AE;&#x905C;&#x5165;&#x83EF;&#x5BA3;&#x6559;200&#x5E74;&#x7D00;&#x5FF5;&#x6587;&#x96C6;</subfield>
    <subfield code="v">v. 10</subfield>
  </datafield>
  <datafield tag="650" ind1=" " ind2=" ">
    <subfield code="a">China Church history.</subfield>
  </datafield>
  <datafield tag="650" ind1=" " ind2=" ">
    <subfield code="a">China Historiography.</subfield>
  </datafield>
  <datafield tag="650" ind1=" " ind2=" ">
    <subfield code="a">Church history.</subfield>
  </datafield>
  <datafield tag="952" ind1=" " ind2=" ">
    <subfield code="0">0</subfield>
    <subfield code="1">0</subfield>
    <subfield code="4">0</subfield>
    <subfield code="7">0</subfield>
    <subfield code="a">GETS</subfield>
    <subfield code="b">GETS</subfield>
    <subfield code="c">GEN</subfield>
    <subfield code="d">2020-08-25</subfield>
    <subfield code="l">0</subfield>
    <subfield code="o">BR1288 .L56 2006</subfield>
    <subfield code="p">00006170</subfield>
    <subfield code="r">2020-08-25 00:00:00</subfield>
    <subfield code="w">2020-08-25</subfield>
    <subfield code="y">CB</subfield>
  </datafield>
  <datafield tag="999" ind1=" " ind2=" ">
    <subfield code="c">18814</subfield>
    <subfield code="d">18814</subfield>
  </datafield>
</record>
